000 00736nam a2200205Ia 4500
005 20241129110157.0
008 241129s9999||||xx |||||||||||||| ||und||
037 _aTB
040 _aARTS
_bpun
_cARTS
041 _apun
_2pun
084 _aQ8441xJ96 153R3
_qARTS
100 _aਸਿੰਘ, ਰਾਮ, ਚ।
245 0 _aਵਾਰਾਂ ਭਾਣੀ ਗੁਰਦਾਸ: ਵਿਸ਼ਾ ਅਤੇ ਰੂਪ
_cਸਿੰਘ, ਰਾਮ, ਚ।
260 _aਅੰਮ੍ਰਿਤਸਰ, ਭਾਰਤ
_bਅੰਮ੍ਰਿਤਸਰ ਸਿੰਘ ਬ੍ਰਦਰਜ਼
_c2020
300 _a158ਪ੍ਰ0
365 _aINR
_b275
650 _aSikkhism
_9726471
942 _cTB
_hQ8441xJ96 153R3
999 _c1227620
_d1227620